<?xml version="1.0" encoding="UTF-8"?>
<collection xmlns="http://www.loc.gov/MARC21/slim">
  <record>
    <leader>00000nam  2200000   4500</leader>
    <controlfield tag="001">INLIS000000000005632</controlfield>
    <controlfield tag="005">20190813022001</controlfield>
    <datafield tag="035" ind1="#" ind2="#">
      <subfield code="a">0010-0819000062</subfield>
    </datafield>
    <datafield tag="245" ind1="1" ind2="#">
      <subfield code="a">Green Health dan Save Mahakam Terpadu Sebagai Upaya Pengendalian Tropical Disease di Mahakam Ulu (GRAHA SEHAT UPETI MU) /</subfield>
      <subfield code="c">drg. Agustinus Teguh Santoso, M.Adm.Kes.</subfield>
    </datafield>
    <datafield tag="100" ind1="1" ind2="#">
      <subfield code="a">SANTOSO, Agustinus Teguh</subfield>
    </datafield>
    <datafield tag="250" ind1="#" ind2="#">
      <subfield code="a">1</subfield>
    </datafield>
    <datafield tag="300" ind1="#" ind2="#">
      <subfield code="a">vii, 40 halaman :</subfield>
      <subfield code="b">ilustrasi ;</subfield>
      <subfield code="c">30 cm</subfield>
    </datafield>
    <datafield tag="260" ind1="#" ind2="#">
      <subfield code="a">Samarinda :</subfield>
      <subfield code="b">PKP2A III LAN,</subfield>
      <subfield code="c">2016</subfield>
    </datafield>
    <datafield tag="650" ind1="#" ind2="#">
      <subfield code="a">Proyek Perubahan</subfield>
    </datafield>
    <datafield tag="500" ind1="#" ind2="#">
      <subfield code="a">Coach : Dr. Sugeng Hariyadi, MBA&#13;
Penguji : Dr. Nana Rukmana DW, MA&#13;
Mentor : Drs. Yohanes Avun, Msi.</subfield>
    </datafield>
    <datafield tag="990" ind1="#" ind2="#">
      <subfield code="a">PII/70/2016</subfield>
    </datafield>
  </record>
</collection>
